000 00643 a2200253 4500
003 DLC
005 20260401110837.0
008 2024s2024 xx 000 0 eng d
040 _aDLC
_beng
050 4 _aRT42 .H37 2024
082 0 4 _a610.73
100 1 _aHarding, Mariann M.
_eauthor.
245 1 0 _aClinical Reasoning Cases in Nursing
_cHarding, Mariann M. and Snyder, Julie S.
250 _a8th ed.
264 1 _bElsevier
_c2024
300 _axvi, 432p.: ill.
336 _2CC
338 _2CC
650 0 _aNursing
650 0 _aClinical medicine
650 0 _aCritical thinking
650 0 _aProblem solving
942 _2lcc
_cBK
999 _c44221
_d44221